000 00806nam 22002533 4500
001 200465
010 _a9789083404165
021 _aNL
_bCC BY-NC-SA 4.0
090 _a200465
100 _a20260209d u||y0pory50 ba
101 _aeng
102 _aNL
200 _aHands on Research
_efor artists, designers & educators
_fMiriam Rasch [et al.]
_gDesign de Harma Staal
205 _a
210 _aRotterdam
_cSet Margins
_d2025
215 _a98, [6] p. : il.
_cBrochado
_d22 cm
606 _910403
_aArte
610 _aArtes / Design ; Educação artística ; Métodos de Investigação / Pesquisa
675 _a7.01:001.8/RAS/HAN
_vHL
_zIng.
700 _916256
_aRasch
_bMiriam
702 _916257
_aStaal
_bHarma
801 _aPT
_bBMMN
_gRPC
830 _cCarlos Pinto
_d09-02-2026
_fCarlos Pinto
990 _cLIVROS